| 000 | 00500nam a22001577a 4500 | ||
|---|---|---|---|
| 999 |
_c524116 _d524116 |
||
| 003 | NUST | ||
| 020 | _c(Hbk) | ||
| 038 | _aShaban | ||
| 082 |
_a891.4304 _bABD |
||
| 100 |
_aAbdul Rasheed, Sheikh _914939 |
||
| 245 |
_aMojouda almi istamari fourthaal aor faiz kee shairi / _cSheikh Abdul Rasheed |
||
| 300 | _a175 p. ; | ||
| 880 |
_6100-02\r _aشیخ عبدالرشید |
||
| 880 |
_6245-02\r _aموجودہ علمی استعماری صورتحال اور فیض کی شاعری / |
||
| 942 |
_2ddc _cBK |
||